| 000 | 00000nam##2200000za#4500 |
| 001 | 9.612877 |
| 003 | CaOODSP |
| 005 | 20200327125708 |
| 007 | ta |
| 008 | 150406|1995||||xxc||||| f|0| 0 eng|d |
| 020 | |a0-662-24187-8 |
| 040 | |aCaOODSP|beng |
| 043 | |an-cn--- |
| 086 | 1 |aLU2-153/200-1995E |
| 110 | 1 |aCanada.|bHuman Resources Development Canada. |bUnemployment Insurance. |
| 245 | 10|aUnemployment Insurance, temporary layoffs and recall expectations|cby Miles Corak. |
| 260 | |aOttawa - Ontario : |bHuman Resources Development Canada. |c1995. |
| 300 | |a56p. : |bgraphs, tables ; |c30 cm. |
| 490 | 1 |aUnemployment Insurance evaluation series |
| 500 | |a"This study has three objectives: (1) to document the extent of temporary layoffs in the Canadian labour market; (2) to examine the relationship between temporary layoffs and repeat use of the unemployment insurance program; and (3) to examine the length of time that laid-off individuals spend in receipt of unemployment insurance benefits according to their expectation of being recalled by a former employer."--Abstract. |
| 504 | |aBibliography. |
| 520 | 3 |aThis study has three objectives: (1) to document the extent of temporary layoffs in the Canadian labour market; (2) to examine the relationship between temporary layoffs and repeat use of the unemployment insurance program; and (3) to examine the length of time that laid-off individuals spend in receipt of unemployment insurance benefits according to their expectation of being recalled by a former employer.--Abstract |
| 563 | |aSoftcover |
| 590 | |a96-06|b1996-02-09 |
| 690 | 07|aEmployment insurance|2gcpds |
| 720 | 1 |aCorak, Miles |
| 776 | 0#|tUnemployment insurance, temporary layoffs and recall expectations / |w(CaOODSP)9.576009 |
| 830 | #0|aUnemployment insurance evaluation series.|w(CaOODSP)9.514754 |
| 986 | |aIN-AH-200E-03-95 |